| 000 | 01579nam a2200361Ia 4500 | ||
|---|---|---|---|
| 001 | ebr10171525 | ||
| 003 | CaPaEBR | ||
| 006 | m u | ||
| 007 | cr cn||||||||| | ||
| 008 | 060712s2007 nyua sb 001 0 eng d | ||
| 010 | _z 2006049484 | ||
| 020 | _z1403974497 (alk. paper) | ||
| 040 |
_aCaPaEBR _cCaPaEBR |
||
| 035 | _a(OCoLC)244656029 | ||
| 043 |
_aeb----- _ae-ru--- _ae-un--- |
||
| 050 | 1 | 4 |
_aJN6729.A979 _bM45 2007eb |
| 082 | 0 | 4 |
_a324.20947 _222 |
| 100 | 1 | _aMeleshevich, Andrey A. | |
| 245 | 1 | 0 |
_aParty systems in post-Soviet countries _h[electronic resource] : _ba comparative study of political institutionalization in the Baltic States, Russia and Ukraine / _cAndrey A. Meleshevich. |
| 260 |
_aNew York : _bPalgrave, _c2007. |
||
| 300 |
_axvi, 262 p. : _bill. |
||
| 504 | _aIncludes bibliographical references and index. | ||
| 533 |
_aElectronic reproduction. _bPalo Alto, Calif. : _cebrary, _d2008. _nAvailable via World Wide Web. _nAccess may be limited to ebrary affiliated libraries. |
||
| 650 | 0 |
_aPolitical parties _zBaltic States _xHistory. |
|
| 650 | 0 |
_aPolitical parties _zRussia (Federation) _xHistory. |
|
| 650 | 0 |
_aPolitical parties _zUkraine _xHistory. |
|
| 651 | 0 |
_aBaltic States _xPolitics and government _y1991- |
|
| 651 | 0 |
_aRussia (Federation) _xPolitics and government _y1991- |
|
| 651 | 0 |
_aUkraine _xPolitics and government _y1991- |
|
| 655 | 7 |
_aElectronic books. _2local |
|
| 710 | 2 | _aebrary, Inc. | |
| 856 | 4 | 0 |
_uhttp://site.ebrary.com/lib/rucke/Doc?id=10171525 _zAn electronic book accessible through the World Wide Web; click to view |
| 999 |
_c248752 _d248752 |
||